| 000 | 00335nam a2200133Ia 4500 | ||
|---|---|---|---|
| 008 | 191201s2013 xx 000 0 und d | ||
| 082 |
_a004.22 _bRAP |
||
| 100 | _aRAJARAMAN, V | ||
| 245 | 0 | _aParallel Computers Architecture and Programming | |
| 260 |
_aN. Delhi _bPHI _c2013 |
||
| 300 | _a376 | ||
| 650 | _aM.Tech(CSE) | ||
| 942 |
_2ddc _cBK |
||
| 999 |
_c5983 _d5983 |
||